Producción comercial de flores de corte y follaje ornamental en invernaderos / (Record no. 122786)

MARC details
000 -LEADER
campo de control de longitud fija 00604nam a2200181 i 4500
001 - NÚMERO DE CONTROL
campo de control 122786
003 - IDENTIFICADOR DE NÚMERO DE CONTROL
campo de control ES-MaACL
005 - FECHA Y HORA DE LA ÚLTIMA TRANSACCIÓN
campo de control 20230906192037.0
007 - CAMPO FIJO DE DESCRIPCIÓN FÍSICA--INFORMACIÓN GENERAL
campo de control de longitud fija t|
008 - DATOS DE LONGITUD FIJA--INFORMACIÓN GENERAL
campo de control de longitud fija 070214s1967 sp f |||| | spa d
245 00 - MENCIÓN DEL TÍTULO
Título Producción comercial de flores de corte y follaje ornamental en invernaderos /
Mención de responsabilidad, etc. A. D. Harrison... [et al.] ; traducido por Horacio Marco Moll.
260 ## - PUBLICACIÓN, DISTRIBUCIÓN, ETC.
Lugar de publicación, distribución, etc. Zaragoza :
Nombre del editor, distribuidor, etc. Acribia,
Fecha de publicación, distribución, etc. 1967.
300 ## - DESCRIPCIÓN FÍSICA
Extensión VIII, 130 p., 8 lám. ;
Dimensiones 20 cm.
650 #4 - PUNTO DE ACCESO ADICIONAL DE MATERIA--TÉRMINO DE MATERIA
Término de materia o nombre geográfico como elemento de entrada Floricultura.
9 (RLIN) 12912
700 1# - ENTRADA AGREGADA--NOMBRE PERSONAL
Nombre de persona Harrison, A. D.
9 (RLIN) 61928
700 1# - ENTRADA AGREGADA--NOMBRE PERSONAL
Nombre de persona Marco Moll, Horacio.
9 (RLIN) 76486
852 ## - LOCALIZACIÓN
Ubicación ES-MaACL
Número de control de estantería C-31955
Holdings
Estatus retirado Estado de pérdida Estado de daño No para préstamo Biblioteca de origen Biblioteca actual Ubicación en estantería Fecha de adquisición Fuente de adquisición Total de préstamos Signatura topográfica completa Código de barras Visto por última vez Precio de reemplazo Tipo de ítem Koha
        Biblioteca del Ateneo de Madrid Biblioteca del Ateneo de Madrid Depósito 2 17/01/2008     C-31955 1127942 23/02/2023 23/02/2023 Libro impreso